Città Ospitanti dei Mondiali di Calcio 2026 - Statistics

Statistiche generali
  • Questo quiz è stato fatto 33 volte
  • Il punteggio medio è 12 su 16
Statistiche sulle risposte
Città % Corretto
Città del Messico
100%
Miami
100%
New York
100%
Toronto
92%
Boston
85%
Los Angeles
85%
Filadelfia
77%
Guadalajara
77%
Vancouver
77%
Atlanta
69%
Dallas
69%
Houston
69%
San Francisco
69%
Seattle
46%
Monterrey
38%
Kansas City
31%
Nessun quiz corrispondente trovato
Distribuzione punteggi
Percentuale di utenti per punteggio
Percentile per numero di risposta
I tuoi punteggi nel tempo
Non hai fatto questo quiz